| 000 | 00661nam a22002057a 4500 | ||
|---|---|---|---|
| 999 |
_c1322 _d1322 |
||
| 003 | CoMeUDC | ||
| 005 | 20210526120316.0 | ||
| 008 | 210525b ||||| |||| 00| 0 eng d | ||
| 040 |
_bEspañol _cUdeC |
||
| 082 |
_a658.11 _bA346m |
||
| 110 |
_988 _aAlcaldía de Medellín |
||
| 245 |
_aMedellín emprendedora : _bUn zoom al mundo del emprendimiento / _cMaría Isabel Abad Londoño. |
||
| 260 |
_aMedellín : _c2015 _bAlcaldía de Medellín. |
||
| 300 |
_a74 p. : _bil. col. ; _c23 cm. |
||
| 504 | _aIncluye índice. | ||
| 610 | 0 |
_988 _aAlcaldía de Medellín _zMedellín |
|
| 650 | 0 |
_91231 _aEmprendimiento |
|
| 710 |
_91604 _aCreame |
||
| 942 |
_2ddc _cBK |
||